[Event "Wch U18"]
[Site "Montevideo"]
[Date "2017.09.24"]
[Round "9"]
[White "Amaral, Francisco"]
[Black "Rodriguez, Leandro"]
[Result "1-0"]
[WhiteElo "1605"]
[BlackElo "1464"]
[PlyCount "47"]
[EventDate "2017.09.17"]
[EventType "swiss"]
[EventRounds "11"]
[EventCountry "URU"]
[SourceTitle "CBM 180 Extra"]
[Source "ChessBase"]
[SourceDate "2017.10.06"]
[SourceVersion "1"]
[SourceVersionDate "2017.10.06"]
[SourceQuality "1"]

1. e4 c5 2. d4 cxd4 3. c3 Nf6 4. e5 Nd5 5. cxd4 e6 6. Nc3 Nc6 7. Nxd5 exd5 8. Ne2 d6 9. f4 dxe5 10. dxe5 Bb4+ 11. Bd2 Bxd2+ 12. Qxd2 0-0 13. Nc3 Be6 14. Bd3 Qh4+ 15. Qf2 Qxf2+ 16. Kxf2 f6 17. exf6 Rxf6 18. Kg3 d4 19. Ne4 Rff8 20. a3 Rae8 21. Rae1 Na5 22. Nd6 Re7 23. f5 Rd7 24. Rxe6 1-0

[Event "URU-chTB"]
[Site "Uruguay"]
[Date "2017.07.09"]
[Round "5.2"]
[White "Estoyanoff, German"]
[Black "Rodriguez, Leandro"]
[Result "1-0"]
[WhiteElo "1553"]
[BlackElo "1504"]
[PlyCount "55"]
[EventDate "2017.07.07"]
[EventType "team-swiss"]
[EventRounds "5"]
[EventCountry "URU"]
[SourceTitle "EXT 2018"]
[Source "ChessBase"]
[SourceDate "2017.10.13"]
[SourceVersion "1"]
[SourceVersionDate "2017.10.13"]
[SourceQuality "1"]
[WhiteTeam "Los Bohemios"]
[BlackTeam "CBR Juvenil"]
[WhiteTeamCountry "URU"]
[BlackTeamCountry "URU"]

1. e4 c5 2. Nf3 Nc6 3. Nc3 d6 4. Bc4 Bg4 5. h3 Bh5 6. 0-0 Nf6 7. Re1 e5 8. d3 Be7 9. Bg5 0-0 10. g4 Bg6 11. Nh4 Nd4 12. Bb3 Nxb3 13. axb3 h6 14. Be3 d5 15. g5 Nh5 16. Nxd5 Bxg5 17. Nxg6 fxg6 18. Bxc5 Qd7 19. Qg4 Rf7 20. Qxd7 Rxd7 21. Rxa7 Rxa7 22. Bxa7 b5 23. Bb8 Bf6 24. Ra1 Rf7 25. c4 Bh4 26. Rf1 Nf4 27. Nxf4 exf4 28. c5 1-0

[Event "URU-chTB"]
[Site "Uruguay"]
[Date "2017.07.08"]
[Round "3.2"]
[White "Manteiga, Franco"]
[Black "Rodriguez, Leandro"]
[Result "0-1"]
[WhiteElo "1345"]
[BlackElo "1504"]
[PlyCount "98"]
[EventDate "2017.07.07"]
[EventType "team-swiss"]
[EventRounds "5"]
[EventCountry "URU"]
[SourceTitle "EXT 2018"]
[Source "ChessBase"]
[SourceDate "2017.10.13"]
[SourceVersion "1"]
[SourceVersionDate "2017.10.13"]
[SourceQuality "1"]
[WhiteTeam "La Proa  J II"]
[BlackTeam "CBR Juvenil"]
[WhiteTeamCountry "URU"]
[BlackTeamCountry "URU"]

1. d4 Nf6 2. Nf3 g6 3. Bf4 Bg7 4. e3 0-0 5. Bd3 d6 6. 0-0 Nbd7 7. c4 Re8 8. Bg3 e5 9. dxe5 Nxe5 10. Bxe5 dxe5 11. e4 Nh5 12. Nc3 Nf4 13. Nd5 Nxd3 14. Qxd3 c6 15. Nb4 Qxd3 16. Nxd3 f5 17. Rfe1 fxe4 18. Rxe4 Bf5 19. Rae1 Bxe4 20. Rxe4 Rad8 21. Nfe1 Rd4 22. Rxd4 exd4 23. f3 Re3 24. Kf2 Bf8 25. b4 b6 26. a3 a5 27. bxa5 bxa5 28. a4 Bb4 29. g4 Bxe1+ 30. Nxe1 Ra3 31. Kg3 Rxa4 32. Kf4 Kg7 33. Nd3 Rxc4 34. Ne5 Rc2 35. Ke4 a4 36. Kxd4 a3 37. Ke4 a2 38. Kf4 a1Q 39. Nxc6 Rxc6 40. h4 Qa4+ 41. Kg3 Qd4 42. h5 gxh5 43. gxh5 Qf6 44. h6+ Qxh6 45. Kf2 Rc3 46. Kg3 Qf6 47. Kg4 Qxf3+ 48. Kh4 Qg2 49. Kh5 Rh3# 0-1

[Event "Pan American-ch U18 27th"]
[Site "Montevideo"]
[Date "2016.07.28"]
[Round "6"]
[White "Dominguez, Facundo"]
[Black "Rodriguez, Leandro"]
[Result "1-0"]
[WhiteElo "2137"]
[BlackElo "1931"]
[PlyCount "83"]
[EventDate "2016.07.25"]
[EventType "swiss"]
[EventRounds "9"]
[EventCountry "URU"]
[SourceTitle "EXT 2017"]
[Source "ChessBase"]
[SourceDate "2016.10.25"]
[SourceVersion "1"]
[SourceVersionDate "2016.10.25"]
[SourceQuality "1"]

1. e4 c5 2. Nc3 Nc6 3. g3 g6 4. Bg2 Bg7 5. d3 d6 6. Be3 Nf6 7. f4 e6 8. h3 0-0 9. Nf3 Bd7 10. 0-0 Rb8 11. Kh2 b5 12. e5 Ne8 13. exd6 b4 14. Ne4 Bxb2 15. Rb1 Bd4 16. Bxd4 cxd4 17. Ne5 Nxe5 18. fxe5 f5 19. Nc5 Rb5 20. Nxd7 Qxd7 21. Qe1 a5 22. Rf4 Nxd6 23. exd6 Qxd6 24. Rd1 g5 25. Rf2 f4 26. gxf4 gxf4 27. Bf3 Rg5 28. Rdd2 Rf6 29. Rg2 Rg3 30. Rxg3+ fxg3+ 31. Qxg3+ Qxg3+ 32. Kxg3 Rg6+ 33. Kf2 e5 34. Re2 Rg5 35. h4 Rf5 36. Kg3 h5 37. Rf2 Kg7 38. Be4 Rxf2 39. Kxf2 Kf6 40. Kf3 Kg7 41. Bd5 Kf6 42. Ke4 1-0

[Event "Pan American-ch U18 27th"]
[Site "Montevideo"]
[Date "2016.07.28"]
[Round "5"]
[White "Rodriguez, Leandro"]
[Black "Lopez Calderon, Alfonso Al"]
[Result "0-1"]
[WhiteElo "1931"]
[BlackElo "2075"]
[PlyCount "52"]
[EventDate "2016.07.25"]
[EventType "swiss"]
[EventRounds "9"]
[EventCountry "URU"]
[SourceTitle "EXT 2017"]
[Source "ChessBase"]
[SourceDate "2016.10.25"]
[SourceVersion "1"]
[SourceVersionDate "2016.10.25"]
[SourceQuality "1"]

1. e4 c5 2. Nf3 e6 3. d4 cxd4 4. Nxd4 a6 5. Nc3 Qc7 6. Be2 b5 7. a3 Bb7 8. 0-0 d6 9. Qd3 Nf6 10. Bg5 Nbd7 11. Bxf6 Nxf6 12. f4 Be7 13. Rad1 0-0 14. b4 Rac8 15. e5 Qxc3 16. Qxc3 Rxc3 17. exf6 Bxf6 18. Bf3 Bxd4+ 19. Rxd4 Bxf3 20. Rxf3 Rxf3 21. gxf3 d5 22. f5 Rc8 23. fxe6 fxe6 24. Rd2 Rc3 25. Re2 Kf7 26. Kf2 Rxa3 0-1

[Event "Buenos Aires Duchamp Memorial op 4th"]
[Site "Buenos Aires"]
[Date "2012.10.29"]
[Round "7"]
[White "Rodriguez, Leandro"]
[Black "Nejanky, Maisa"]
[Result "1-0"]
[WhiteElo "1909"]
[BlackElo "2050"]
[PlyCount "62"]
[EventDate "2012.10.22"]
[EventType "swiss"]
[EventRounds "9"]
[EventCountry "ARG"]
[SourceTitle "EXT 2013"]
[Source "ChessBase"]
[SourceDate "2012.11.22"]
[SourceVersion "1"]
[SourceVersionDate "2012.11.22"]
[SourceQuality "1"]

1. e4 c5 2. Nf3 d6 3. d4 cxd4 4. Nxd4 Nf6 5. Nc3 Nc6 6. Be2 g6 7. Nb3 Bg7 8. 0-0 a5 9. a4 0-0 10. Bg5 Be6 11. Kh1 Qc8 12. f4 Rd8 13. Bf3 Nb4 14. Nd4 Bc4 15. Rf2 h6 16. Bh4 e5 17. Ndb5 exf4 18. Rd2 Bxb5 19. axb5 g5 20. Bf2 Qc7 21. Na4 g4 22. Bb6 Qd7 23. e5 gxf3 24. exf6 Bxf6 25. Bxd8 Rxd8 26. c3 Qxb5 27. cxb4 axb4 28. Rc1 fxg2+ 29. Rxg2+ Kh8 30. b3 Qd7 31. Qh5 Kh7 1-0

[Event "Buenos Aires Duchamp Memorial op 4th"]
[Site "Buenos Aires"]
[Date "2012.10.28"]
[Round "6"]
[White "Juarez, Alberto"]
[Black "Rodriguez, Leandro"]
[Result "1/2-1/2"]
[WhiteElo "2164"]
[BlackElo "1909"]
[PlyCount "99"]
[EventDate "2012.10.22"]
[EventType "swiss"]
[EventRounds "9"]
[EventCountry "ARG"]
[SourceTitle "EXT 2013"]
[Source "ChessBase"]
[SourceDate "2012.11.22"]
[SourceVersion "1"]
[SourceVersionDate "2012.11.22"]
[SourceQuality "1"]

1. e4 c5 2. Nf3 d6 3. d4 cxd4 4. Nxd4 Nf6 5. Nc3 e6 6. f4 a6 7. Be3 Qc7 8. Qf3 h5 9. 0-0-0 Nc6 10. Bd3 Nxd4 11. Bxd4 e5 12. fxe5 Bg4 13. Qf2 dxe5 14. Bb6 Qc6 15. Rdf1 Be6 16. h3 Bb4 17. Nd5 Nxd5 18. exd5 Qxd5 19. a3 Be7 20. Qe3 Rc8 21. c4 0-0 22. Kb1 Qc6 23. g4 Bxc4 24. Be4 Qb5 25. Rf5 Bd5 26. Rxh5 Bxe4+ 27. Qxe4 g6 28. Rxe5 Qxb6 29. Rxe7 Rc6 30. h4 Rfc8 31. Re8+ Rxe8 32. Qxe8+ Kg7 33. Qe5+ Kg8 34. h5 Re6 35. Qb8+ Kg7 36. hxg6 Kxg6 37. Qh8 Qc6 38. Qh5+ Kg7 39. Qh8+ Kg6 40. Qh5+ Kg7 41. g5 Kf8 42. Ka1 Qe4 43. Rf1 Re7 44. Rf6 Ke8 45. Qh8+ Kd7 46. Qh3+ Kc7 47. Qf5 Qxf5 48. Rxf5 Kd8 49. Kb1 Kc8 50. Kc2 1/2-1/2

[Event "Buenos Aires Duchamp Memorial op 4th"]
[Site "Buenos Aires"]
[Date "2012.10.27"]
[Round "5"]
[White "Fabrega, Enrique"]
[Black "Rodriguez, Leandro"]
[Result "1-0"]
[WhiteElo "2172"]
[BlackElo "1909"]
[PlyCount "106"]
[EventDate "2012.10.22"]
[EventType "swiss"]
[EventRounds "9"]
[EventCountry "ARG"]
[SourceTitle "EXT 2013"]
[Source "ChessBase"]
[SourceDate "2012.11.22"]
[SourceVersion "1"]
[SourceVersionDate "2012.11.22"]
[SourceQuality "1"]

1. c4 c5 2. Nc3 Nc6 3. g3 g6 4. Bg2 Bg7 5. Nf3 d6 6. d3 e5 7. 0-0 Nge7 8. a3 0-0 9. Rb1 a5 10. Ne1 Be6 11. Nd5 Rb8 12. Bd2 b5 13. cxb5 Nd4 14. e3 Bxd5 15. Bxd5 Nxd5 16. exd4 Rxb5 17. dxc5 dxc5 18. Qc2 Qd6 19. Ng2 Rd8 20. Rfd1 Nc7 21. a4 Rb7 22. Bxa5 Rdb8 23. Bxc7 Qxc7 24. Ne3 Rb3 25. Nc4 h5 26. h4 f5 27. a5 f4 28. Nb6 Qf7 29. Qxc5 fxg3 30. Qc4 gxf2+ 31. Kf1 Qxc4 32. Nxc4 Bf6 33. Kxf2 R8b4 34. Ra1 e4 35. a6 Bd4+ 36. Ke2 exd3+ 37. Rxd3 Ba7 38. Rxb3 Rxb3 39. Rd1 Rb4 40. Rd8+ Kh7 41. Rd7+ Kh6 42. Rxa7 Rxc4 43. Rb7 Rxh4 44. a7 Ra4 45. b4 h4 46. Kf3 Ra3+ 47. Kg2 g5 48. b5 h3+ 49. Kh2 Kh5 50. Rh7+ Kg4 51. b6 Ra2+ 52. Kg1 Kg3 53. Kf1 h2 1-0

[Event "Buenos Aires Duchamp Memorial op 4th"]
[Site "Buenos Aires"]
[Date "2012.10.22"]
[Round "1"]
[White "Rodriguez, Leandro"]
[Black "Barrionuevo, Pablo"]
[Result "0-1"]
[WhiteElo "1909"]
[BlackElo "2271"]
[PlyCount "112"]
[EventDate "2012.10.22"]
[EventType "swiss"]
[EventRounds "9"]
[EventCountry "ARG"]
[SourceTitle "EXT 2013"]
[Source "ChessBase"]
[SourceDate "2012.11.22"]
[SourceVersion "1"]
[SourceVersionDate "2012.11.22"]
[SourceQuality "1"]

1. e4 c5 2. Nf3 Nc6 3. d4 cxd4 4. Nxd4 e5 5. Nb5 d6 6. N1c3 a6 7. Na3 Be7 8. g3 Nf6 9. Bg5 0-0 10. Bxf6 Bxf6 11. Nd5 b5 12. c3 Bg5 13. Bg2 Ne7 14. 0-0 Nxd5 15. Qxd5 Be6 16. Qd3 Qb6 17. Kh1 Bh6 18. f4 f6 19. c4 Rac8 20. cxb5 axb5 21. Rad1 b4 22. Qb5 Rb8 23. Qxb6 Rxb6 24. Nc2 Bxa2 25. Ne3 g6 26. Nd5 Bxd5 27. Rxd5 Rc8 28. Bh3 Rc7 29. Be6+ Kg7 30. Ra5 exf4 31. gxf4 Rbc6 32. Ra8 f5 33. exf5 Rc1 34. Rxc1 Rxc1+ 35. Kg2 Bxf4 36. fxg6 hxg6 37. Rc8 Kf6 38. Rxc1 Bxc1 39. Bb3 Bxb2 40. Kf3 Ke5 41. Ke3 g5 42. h3 Bd4+ 43. Kf3 Bc5 44. Kg4 Be3 45. Kf3 Bc1 46. Bc2 Kd4 47. Ke2 Kc3 48. Bb1 b3 49. Bd3 Bf4 50. Bb1 Kb2 51. Be4 Kc1 52. Kf3 b2 53. h4 d5 54. Bd3 gxh4 55. Kxf4 b1Q 56. Bxb1 Kxb1 0-1

[Event "Villa Ballester Verano op 62nd"]
[Site "Villa Ballester"]
[Date "2012.01.21"]
[Round "3"]
[White "Rodriguez, Leandro"]
[Black "Herrera, Hugo"]
[Result "1-0"]
[WhiteElo "1850"]
[BlackElo "1610"]
[PlyCount "57"]
[EventDate "2012.01.19"]
[EventType "swiss"]
[EventRounds "9"]
[EventCountry "ARG"]
[SourceTitle "EXT 2013"]
[Source "ChessBase"]
[SourceDate "2012.11.22"]
[SourceVersion "1"]
[SourceVersionDate "2012.11.22"]
[SourceQuality "1"]

1. e4 e6 2. d4 d5 3. Nd2 c5 4. exd5 exd5 5. Ngf3 Nf6 6. Bb5+ Nc6 7. 0-0 a6 8. Re1+ Be6 9. Bxc6+ bxc6 10. dxc5 Bxc5 11. Nb3 Bd6 12. Nfd4 Qd7 13. c4 0-0 14. c5 Bc7 15. Bg5 Ne4 16. Nxe6 fxe6 17. Rxe4 Rf5 18. Bh4 Qf7 19. Re3 Rf8 20. Qe2 g5 21. Bg3 Bxg3 22. Rxg3 h6 23. Rf1 h5 24. Nd4 Re8 25. Nxf5 exf5 26. Rxg5+ Kh7 27. Qxh5+ Qxh5 28. Rxh5+ Kg6 29. Rh3 1-0

[Event "Buenos Aires Duchamp op 1st"]
[Site "Buenos Aires"]
[Date "2011.09.20"]
[Round "7"]
[White "Rodriguez, Leandro"]
[Black "Paternoste, Martin"]
[Result "0-1"]
[WhiteElo "1813"]
[BlackElo "2063"]
[PlyCount "66"]
[EventDate "2011.09.12"]
[EventType "swiss"]
[EventRounds "9"]
[EventCountry "ARG"]
[SourceTitle "EXT 2014"]
[Source "ChessBase"]
[SourceDate "2013.11.20"]
[SourceVersion "1"]
[SourceVersionDate "2013.11.20"]
[SourceQuality "1"]

1. e4 g6 2. d4 Bg7 3. Nc3 c6 4. Be3 b5 5. a3 d6 6. Bd3 Nd7 7. Nge2 Ngf6 8. Ng3 a6 9. h4 h5 10. Be2 c5 11. e5 dxe5 12. dxc5 Bb7 13. Bf3 Qc7 14. Nge4 Rd8 15. Qe2 Bxe4 16. Bxe4 Nxc5 17. Bxc5 Qxc5 18. Bb7 Qb6 19. Bf3 Qc7 20. 0-0 0-0 21. Rfe1 e6 22. Rad1 e4 23. Nxe4 Nxe4 24. Qxe4 Bxb2 25. a4 Bc3 26. Rxd8 Rxd8 27. Rd1 Rxd1+ 28. Bxd1 Qd7 29. Qd3 Qxd3 30. cxd3 b4 31. Bf3 Kg7 32. Kf1 Kf6 33. Ke2 Ke5 0-1

[Event "Buenos Aires Duchamp op 1st"]
[Site "Buenos Aires"]
[Date "2011.09.17"]
[Round "5"]
[White "Rodriguez, Leandro"]
[Black "Galagovsky, Carlos"]
[Result "1-0"]
[WhiteElo "1813"]
[BlackElo "2101"]
[PlyCount "45"]
[EventDate "2011.09.12"]
[EventType "swiss"]
[EventRounds "9"]
[EventCountry "ARG"]
[SourceTitle "EXT 2014"]
[Source "ChessBase"]
[SourceDate "2013.11.20"]
[SourceVersion "1"]
[SourceVersionDate "2013.11.20"]
[SourceQuality "1"]

1. e4 e6 2. d4 d5 3. Nd2 c5 4. Ngf3 Nc6 5. Bb5 cxd4 6. Nxd4 Bd7 7. Bxc6 bxc6 8. 0-0 Bc5 9. N4b3 Bb6 10. c4 Ne7 11. c5 Bc7 12. Re1 0-0 13. Qh5 Ng6 14. Nf3 Nf4 15. Bxf4 Bxf4 16. e5 f6 17. g3 Bh6 18. exf6 Qxf6 19. Nbd4 Rae8 20. Re2 e5 21. Nxe5 g6 22. Nxd7 Qxd4 23. Qxh6 1-0

[Event "Buenos Aires Duchamp op 1st"]
[Site "Buenos Aires"]
[Date "2011.09.15"]
[Round "4"]
[White "Andrade, Jose"]
[Black "Rodriguez, Leandro"]
[Result "0-1"]
[WhiteElo "2282"]
[BlackElo "1813"]
[PlyCount "34"]
[EventDate "2011.09.12"]
[EventType "swiss"]
[EventRounds "9"]
[EventCountry "ARG"]
[SourceTitle "EXT 2014"]
[Source "ChessBase"]
[SourceDate "2013.11.20"]
[SourceVersion "1"]
[SourceVersionDate "2013.11.20"]
[SourceQuality "1"]

1. d4 Nf6 2. Nf3 g6 3. Nc3 Bg7 4. h3 d6 5. Bg5 h6 6. Bf4 Nc6 7. e4 Nh5 8. Be3 e5 9. d5 Ne7 10. Qd2 f5 11. exf5 gxf5 12. Be2 Nf6 13. 0-0-0 a6 14. g3 b5 15. a3 Bd7 16. Nh4 Neg8 17. Ng2 Qb8 0-1